[Event "Najdorf Memorial B"]
[Site "Warsaw POL"]
[Date "2021.07.10"]
[Round "1.1"]
[White "Michalowski, Patryk"]
[Black "Butkiewicz, Piotr"]
[Result "1-0"]
[WhiteElo "1770"]
[BlackElo "1247"]
[EventDate "2021.07.10"]
[PlyCount "79"]
[LiveChessVersion "1.4.8"]

1.e4 {[%clk 1:30:57]} 1...e5 {[%clk 1:30:45]} 2.Nf3 {[%clk 1:31:20]} 2...Nc6 
{[%clk 1:31:06]} 3.Bb5 {[%clk 1:31:44]} 3...a6 {[%clk 1:31:29]} 4.Ba4 {[%clk
1:31:59]} 4...Nf6 {[%clk 1:31:46]} 5.O-O {[%clk 1:31:31]} 5...b5 {[%clk
1:31:36]} 6.Bb3 {[%clk 1:31:55]} 6...Bc5 {[%clk 1:32:23]} 7.Nxe5 {[%clk
1:28:25]} 7...Nxe5 {[%clk 1:32:14]} 8.d4 {[%clk 1:28:47]} 8...Bxd4 {[%clk
1:29:23]} 9.Qxd4 {[%clk 1:29:09]} 9...d6 {[%clk 1:28:40]} 10.c3 {[%clk 1:23:08]} 
10...O-O {[%clk 1:28:00]} 11.Bg5 {[%clk 1:13:10]} 11...h6 {[%clk 1:25:01]} 
12.Bh4 {[%clk 1:12:34]} 12...Bb7 {[%clk 1:23:13]} 13.Nd2 {[%clk 1:03:11]} 
13...c5 {[%clk 1:11:58]} 14.Qe3 {[%clk 1:03:31]} 14...Nfg4 {[%clk 1:11:33]} 
15.Qh3 {[%clk 1:02:19]} 15...Qd7 {[%clk 1:05:01]} 16.f3 {[%clk 0:47:59]} 
16...Nf6 {[%clk 1:04:50]} 17.Qxd7 {[%clk 0:48:08]} 17...Nexd7 {[%clk 1:04:47]} 
18.Rfd1 {[%clk 0:47:40]} 18...c4 {[%clk 1:04:36]} 19.Bc2 {[%clk 0:48:00]} 
19...d5 {[%clk 1:04:46]} 20.Bxf6 {[%clk 0:42:47]} 20...Nxf6 {[%clk 1:04:22]} 
21.e5 {[%clk 0:43:09]} 21...Nd7 {[%clk 1:04:45]} 22.f4 {[%clk 0:43:31]} 
22...Rfe8 {[%clk 1:04:57]} 23.Ne4 {[%clk 0:38:07]} 23...Rad8 {[%clk 1:04:01]} 
24.Nd6 {[%clk 0:38:03]} 24...Nc5 {[%clk 1:03:50]} 25.Nxe8 {[%clk 0:38:06]} 
25...Rxe8 {[%clk 1:04:16]} 26.a4 {[%clk 0:36:11]} 26...f6 {[%clk 1:04:02]} 
27.Re1 {[%clk 0:36:02]} 27...fxe5 {[%clk 1:04:15]} 28.Rxe5 {[%clk 0:36:03]} 
28...Rxe5 {[%clk 1:04:32]} 29.fxe5 {[%clk 0:36:28]} 29...Kf7 {[%clk 1:04:58]} 
30.axb5 {[%clk 0:36:50]} 30...axb5 {[%clk 1:05:21]} 31.g4 {[%clk 0:35:52]} 
31...Ke6 {[%clk 1:04:40]} 32.Re1 {[%clk 0:36:15]} 32...Ne4 {[%clk 1:04:48]} 
33.Bxe4 {[%clk 0:36:37]} 33...dxe4 {[%clk 1:05:14]} 34.Kf2 {[%clk 0:36:57]} 
34...Kxe5 {[%clk 1:05:40]} 35.Ke3 {[%clk 0:37:20]} 35...Bc8 {[%clk 1:05:31]} 
36.h3 {[%clk 0:37:33]} 36...h5 {[%clk 1:05:44]} 37.gxh5 {[%clk 0:37:56]} 
37...Bb7 {[%clk 1:05:37]} 38.Rg1 {[%clk 0:38:07]} 38...Kf6 {[%clk 1:05:55]} 
39.Rg6+ {[%clk 0:38:31]} 39...Kf7 {[%clk 1:06:17]} 40.Rb6 1-0

[Event "Najdorf Memorial B"]
[Site "Warsaw POL"]
[Date "2021.07.10"]
[Round "1.2"]
[White "Szaniawski, Mikolaj"]
[Black "Rejniak, Zuzanna"]
[Result "0-1"]
[WhiteElo "1245"]
[BlackElo "1768"]
[EventDate "2021.07.10"]
[PlyCount "82"]
[LiveChessVersion "1.4.8"]

1.e4 {[%clk 1:30:59]} 1...c5 {[%clk 1:30:55]} 2.Nf3 {[%clk 1:31:23]} 2...d6 
{[%clk 1:31:21]} 3.c3 {[%clk 1:31:47]} 3...Nf6 {[%clk 1:31:35]} 4.h3 {[%clk
1:32:11]} 4...Nbd7 {[%clk 1:31:35]} 5.Bd3 {[%clk 1:32:26]} 5...b6 {[%clk
1:27:34]} 6.Bc2 {[%clk 1:30:37]} 6...Bb7 {[%clk 1:27:01]} 7.Qe2 {[%clk 1:29:12]} 
7...g6 {[%clk 1:23:19]} 8.d4 {[%clk 1:26:28]} 8...Bg7 {[%clk 1:17:14]} 9.O-O 
{[%clk 1:24:47]} 9...O-O {[%clk 1:16:14]} 10.Bf4 {[%clk 1:18:05]} 10...Rc8 
{[%clk 1:08:42]} 11.d5 {[%clk 1:15:51]} 11...a6 {[%clk 1:03:42]} 12.Nbd2 {[%clk
1:13:40]} 12...b5 {[%clk 1:03:28]} 13.Nb3 {[%clk 1:12:03]} 13...Nb6 {[%clk
0:57:50]} 14.Na5 {[%clk 1:08:05]} 14...Ba8 {[%clk 0:51:45]} 15.Nb3 {[%clk
1:06:45]} 15...Na4 {[%clk 0:45:34]} 16.Rab1 {[%clk 1:05:20]} 16...Nd7 {[%clk
0:45:34]} 17.Qd2 {[%clk 1:05:09]} 17...Ndb6 {[%clk 0:44:23]} 18.Na5 {[%clk
1:04:41]} 18...Nxd5 {[%clk 0:42:21]} 19.exd5 {[%clk 1:00:32]} 19...Qxa5 {[%clk
0:41:56]} 20.Bxa4 {[%clk 1:00:47]} 20...Qxa4 {[%clk 0:41:04]} 21.b3 {[%clk
1:00:52]} 21...Qe4 {[%clk 0:39:49]} 22.Rbd1 {[%clk 0:59:58]} 22...Bxc3 {[%clk
0:39:07]} 23.Qxc3 {[%clk 0:57:38]} 23...Qxf4 {[%clk 0:38:59]} 24.Rfe1 {[%clk
0:57:40]} 24...Rfe8 {[%clk 0:37:09]} 25.Qa5 {[%clk 0:57:47]} 25...Qf5 {[%clk
0:34:03]} 26.Qxa6 {[%clk 0:55:53]} 26...Bxd5 {[%clk 0:32:46]} 27.Nd2 {[%clk
0:55:31]} 27...b4 {[%clk 0:27:51]} 28.Qe2 {[%clk 0:54:54]} 28...Ra8 {[%clk
0:24:57]} 29.Nc4 {[%clk 0:54:58]} 29...Bxc4 {[%clk 0:25:09]} 30.bxc4 {[%clk
0:55:22]} 30...Ra6 {[%clk 0:22:38]} 31.Qb2 {[%clk 0:54:30]} 31...e5 {[%clk
0:16:57]} 32.Rd2 {[%clk 0:54:23]} 32...Rea8 {[%clk 0:17:11]} 33.Qb3 {[%clk
0:54:34]} 33...Ra3 {[%clk 0:16:33]} 34.Qb2 {[%clk 0:53:09]} 34...Qf4 {[%clk
0:13:48]} 35.Rc2 {[%clk 0:53:01]} 35...Rxa2 {[%clk 0:13:18]} 36.Qxa2 {[%clk
0:53:23]} 36...Rxa2 {[%clk 0:13:45]} 37.Rxa2 {[%clk 0:53:47]} 37...Qxc4 {[%clk
0:14:11]} 38.Rd2 {[%clk 0:54:04]} 38...Qc3 {[%clk 0:13:38]} 39.Red1 {[%clk
0:54:27]} 39...b3 {[%clk 0:13:28]} 40.Rd3 {[%clk 0:54:52]} 40...Qb4 {[%clk
0:12:24]} 41.Rb1 {[%clk 0:55:02]} 41...c4 {[%clk 0:12:49]} 0-1

[Event "Najdorf Memorial B"]
[Site "Warsaw POL"]
[Date "2021.07.10"]
[Round "1.3"]
[White "Warcaba, Jakub"]
[Black "Switala, Karina"]
[Result "1-0"]
[WhiteElo "1735"]
[BlackElo "1235"]
[EventDate "2021.07.10"]
[PlyCount "82"]
[LiveChessVersion "1.4.8"]

1.c4 {[%clk 1:30:20]} 1...c5 {[%clk 1:30:23]} 2.g3 {[%clk 1:30:15]} 2...g6 
{[%clk 1:30:15]} 3.Bg2 {[%clk 1:30:14]} 3...Bg7 {[%clk 1:29:56]} 4.Nc3 {[%clk
1:29:34]} 4...Nf6 {[%clk 1:28:45]} 5.e3 {[%clk 1:28:50]} 5...Nc6 {[%clk
1:27:23]} 6.Nge2 {[%clk 1:28:46]} 6...b6 {[%clk 1:24:45]} 7.d4 {[%clk 1:23:04]} 
7...cxd4 {[%clk 1:22:14]} 8.exd4 {[%clk 1:21:02]} 8...Bb7 {[%clk 1:20:57]} 
9.Bf4 {[%clk 1:17:39]} 9...Rc8 {[%clk 1:17:36]} 10.d5 {[%clk 1:07:58]} 10...Nb4 
{[%clk 1:11:21]} 11.b3 {[%clk 0:57:26]} 11...a5 {[%clk 0:56:41]} 12.O-O {[%clk
0:54:41]} 12...O-O {[%clk 0:52:25]} 13.Re1 {[%clk 0:48:30]} 13...Re8 {[%clk
0:46:10]} 14.Nd4 {[%clk 0:45:25]} 14...Nh5 {[%clk 0:39:55]} 15.Be3 {[%clk
0:44:30]} 15...e5 {[%clk 0:23:16]} 16.Ndb5 {[%clk 0:37:13]} 16...e4 {[%clk
0:16:01]} 17.Qd2 {[%clk 0:31:18]} 17...Bxc3 {[%clk 0:10:02]} 18.Qxc3 {[%clk
0:30:14]} 18...Nxd5 {[%clk 0:09:54]} 19.Qd4 {[%clk 0:28:23]} 19...Nxe3 {[%clk
0:09:20]} 20.Rxe3 {[%clk 0:23:54]} 20...d5 {[%clk 0:07:20]} 21.cxd5 {[%clk
0:15:33]} 21...Bxd5 {[%clk 0:07:28]} 22.Rd1 {[%clk 0:12:46]} 22...Nf6 {[%clk
0:05:25]} 23.Nc3 {[%clk 0:11:33]} 23...Bc6 {[%clk 0:02:48]} 24.Qc4 {[%clk
0:11:17]} 24...Qe7 {[%clk 0:01:27]} 25.Qa6 {[%clk 0:09:17]} 25...Qb7 {[%clk
0:01:31]} 26.Qe2 {[%clk 0:09:23]} 26...Re7 {[%clk 0:01:08]} 27.Rd6 {[%clk
0:08:14]} 27...Ne8 {[%clk 0:00:41]} 28.Rd4 {[%clk 0:00:58]} 28...f5 {[%clk
0:01:05]} 29.Qc4+ {[%clk 0:00:53]} 29...Kg7 {[%clk 0:01:30]} 30.Re1 {[%clk
0:00:57]} 30...Nf6 {[%clk 0:01:26]} 31.Rd6 {[%clk 0:00:45]} 31...Rf7 {[%clk
0:01:03]} 32.Qd4 {[%clk 0:00:46]} 32...Rcc7 {[%clk 0:00:54]} 33.Na4 {[%clk
0:00:31]} 33...Bxa4 {[%clk 0:00:44]} 34.Rxb6 {[%clk 0:00:54]} 34...Qa7 {[%clk
0:00:48]} 35.bxa4 {[%clk 0:01:15]} 35...Rc2 {[%clk 0:00:39]} 36.Bf1 {[%clk
0:01:20]} 36...Qd7 {[%clk 0:00:37]} 37.Rd6 {[%clk 0:00:51]} 37...Qc7 {[%clk
0:00:37]} 38.Rb1 {[%clk 0:00:46]} 38...Rc6 {[%clk 0:00:38]} 39.Rxc6 {[%clk
0:00:41]} 39...Qxc6 {[%clk 0:00:59]} 40.Rb6 Rd7 {[%clk 0:00:36]} 41.Qb2 {[%clk
0:01:24]} 41...Rd2 1-0

[Event "Najdorf Memorial B"]
[Site "Warsaw POL"]
[Date "2021.07.10"]
[Round "1.4"]
[White "Panikowski, Ksawery"]
[Black "Jaskulski, Jan"]
[Result "0-1"]
[WhiteElo "1233"]
[BlackElo "1723"]
[EventDate "2021.07.10"]
[PlyCount "60"]
[LiveChessVersion "1.4.8"]

1.e4 {[%clk 1:30:58]} 1...c5 {[%clk 1:30:48]} 2.Nf3 {[%clk 1:31:17]} 2...d6 
{[%clk 1:31:13]} 3.d4 {[%clk 1:31:33]} 3...cxd4 {[%clk 1:31:39]} 4.Nxd4 {[%clk
1:31:46]} 4...Nf6 {[%clk 1:32:05]} 5.Nc3 {[%clk 1:32:06]} 5...Nc6 {[%clk
1:32:29]} 6.Be2 {[%clk 1:28:59]} 6...e5 {[%clk 1:32:52]} 7.Nxc6 {[%clk 1:26:43]} 
7...bxc6 {[%clk 1:32:43]} 8.Bg5 {[%clk 1:26:59]} 8...Be7 {[%clk 1:33:07]} 9.O-O 
{[%clk 1:25:51]} 9...O-O {[%clk 1:33:20]} 10.Qd3 {[%clk 1:24:33]} 10...h6 
{[%clk 1:31:16]} 11.Bh4 {[%clk 1:24:09]} 11...Rb8 {[%clk 1:25:32]} 12.b3 {[%clk
1:19:18]} 12...Be6 {[%clk 1:23:38]} 13.Rfd1 {[%clk 1:12:37]} 13...Qa5 {[%clk
1:23:39]} 14.a3 {[%clk 0:37:56]} 14...Rfd8 {[%clk 1:21:35]} 15.b4 {[%clk
0:38:12]} 15...Qc7 {[%clk 1:17:43]} 16.Bxf6 {[%clk 0:34:17]} 16...Bxf6 {[%clk
1:18:09]} 17.Rac1 {[%clk 0:34:34]} 17...d5 {[%clk 1:14:52]} 18.Qg3 {[%clk
0:33:26]} 18...a5 {[%clk 1:12:45]} 19.b5 {[%clk 0:30:21]} 19...d4 {[%clk
1:12:55]} 20.Nb1 {[%clk 0:28:39]} 20...Bg5 {[%clk 1:12:52]} 21.Nd2 {[%clk
0:21:37]} 21...cxb5 {[%clk 1:13:03]} 22.h4 {[%clk 0:20:20]} 22...Bf4 {[%clk
1:13:16]} 23.Qf3 {[%clk 0:20:25]} 23...Qc3 {[%clk 1:13:33]} 24.Nb3 {[%clk
0:19:50]} 24...Bxc1 {[%clk 1:13:38]} 25.Rxc1 {[%clk 0:20:14]} 25...Bxb3 {[%clk
1:13:51]} 26.Qxc3 {[%clk 0:20:25]} 26...dxc3 {[%clk 1:14:15]} 27.cxb3 {[%clk
0:20:48]} 27...Rd2 {[%clk 1:14:41]} 28.Bd1 {[%clk 0:18:50]} 28...c2 {[%clk
1:15:00]} 29.Bg4 {[%clk 0:18:30]} 29...Rbd8 {[%clk 1:15:22]} 30.Kf1 {[%clk
0:18:45]} 30...Rd1+ {[%clk 1:15:47]} 0-1

[Event "Najdorf Memorial B"]
[Site "Warsaw POL"]
[Date "2021.07.10"]
[Round "1.5"]
[White "Panczuk, Grzegorz"]
[Black "Rodziewicz-bielewicz, Kuba"]
[Result "1-0"]
[WhiteElo "1721"]
[BlackElo "1233"]
[EventDate "2021.07.10"]
[PlyCount "113"]
[LiveChessVersion "1.4.8"]

1.d4 {[%clk 1:30:57]} 1...d5 {[%clk 1:30:48]} 2.Bf4 {[%clk 1:31:23]} 2...c6 
{[%clk 1:30:53]} 3.e3 {[%clk 1:28:56]} 3...Nf6 {[%clk 1:30:32]} 4.c3 {[%clk
1:28:36]} 4...Bf5 {[%clk 1:30:00]} 5.Nd2 {[%clk 1:27:40]} 5...e6 {[%clk
1:26:56]} 6.Ngf3 {[%clk 1:25:57]} 6...Qb6 {[%clk 1:25:13]} 7.Qb3 {[%clk
1:26:14]} 7...Nbd7 {[%clk 1:24:48]} 8.Ne5 {[%clk 1:22:07]} 8...Be7 {[%clk
1:20:46]} 9.Be2 {[%clk 1:11:29]} 9...O-O {[%clk 1:17:15]} 10.O-O {[%clk
1:06:02]} 10...Nxe5 {[%clk 1:12:33]} 11.Bxe5 {[%clk 0:52:14]} 11...Ne4 {[%clk
1:10:52]} 12.Nxe4 {[%clk 0:44:24]} 12...Bxe4 {[%clk 1:10:25]} 13.c4 {[%clk
0:42:38]} 13...Qxb3 {[%clk 1:09:40]} 14.axb3 {[%clk 0:42:57]} 14...a6 {[%clk
1:05:01]} 15.c5 {[%clk 0:39:46]} 15...a5 {[%clk 1:02:34]} 16.Bc7 {[%clk
0:33:37]} 16...Bc2 {[%clk 1:02:23]} 17.Bd1 {[%clk 0:30:13]} 17...Bxd1 {[%clk
1:01:26]} 18.Rfxd1 {[%clk 0:30:38]} 18...Ra6 {[%clk 1:01:26]} 19.Rxa5 {[%clk
0:28:05]} 19...Rxa5 {[%clk 1:01:13]} 20.Bxa5 {[%clk 0:28:07]} 20...Ra8 {[%clk
1:01:30]} 21.b4 {[%clk 0:26:22]} 21...Bf6 {[%clk 1:01:15]} 22.f4 {[%clk
0:25:30]} 22...g6 {[%clk 1:01:05]} 23.Rd3 {[%clk 0:24:06]} 23...Bg7 {[%clk
0:59:59]} 24.Ra3 {[%clk 0:23:10]} 24...Kf8 {[%clk 0:58:38]} 25.Bc7 {[%clk
0:23:26]} 25...Rxa3 {[%clk 0:58:42]} 26.bxa3 {[%clk 0:23:50]} 26...Ke7 {[%clk
0:58:25]} 27.Kf2 {[%clk 0:20:02]} 27...Kd7 {[%clk 0:57:46]} 28.Bd6 {[%clk
0:19:59]} 28...f5 {[%clk 0:57:05]} 29.Ke2 {[%clk 0:18:59]} 29...b5 {[%clk
0:56:46]} 30.Kd3 {[%clk 0:17:49]} 30...Kc8 {[%clk 0:56:40]} 31.Kc3 {[%clk
0:16:35]} 31...Kb7 {[%clk 0:56:33]} 32.Be7 {[%clk 0:15:47]} 32...h5 {[%clk
0:55:24]} 33.Kb3 {[%clk 0:15:12]} 33...Ka6 {[%clk 0:55:36]} 34.a4 {[%clk
0:13:16]} 34...bxa4+ {[%clk 0:55:37]} 35.Kxa4 {[%clk 0:13:41]} 35...Bh6 {[%clk
0:55:59]} 36.g3 {[%clk 0:13:17]} 36...Bg7 {[%clk 0:56:06]} 37.b5+ {[%clk
0:12:25]} 37...cxb5+ {[%clk 0:56:21]} 38.Kb4 {[%clk 0:12:53]} 38...Bh6 {[%clk
0:56:32]} 39.Bd6 {[%clk 0:13:05]} 39...Bg7 {[%clk 0:55:20]} 40.c6 {[%clk
0:12:56]} 40...Kb6 {[%clk 0:55:07]} 41.c7 {[%clk 0:13:09]} 41...Kb7 {[%clk
0:55:27]} 42.Kxb5 {[%clk 0:13:33]} 42...Bf6 {[%clk 0:55:44]} 43.Kb4 {[%clk
0:09:58]} 43...Bg7 {[%clk 0:55:12]} 44.Kc5 {[%clk 0:07:07]} 44...Bf6 {[%clk
0:55:17]} 45.c8=Q+ {[%clk 0:05:47]} 45...Kxc8 {[%clk 0:55:29]} 46.Kc6 {[%clk
0:06:05]} 46...Kd8 {[%clk 0:55:38]} 47.Bc7+ {[%clk 0:06:16]} 47...Ke8 {[%clk
0:55:20]} 48.Kd6 {[%clk 0:05:11]} 48...Kf7 {[%clk 0:55:25]} 49.Kd7 {[%clk
0:05:04]} 49...Be7 {[%clk 0:55:23]} 50.Bd6 {[%clk 0:04:47]} 50...Bxd6 {[%clk
0:54:32]} 51.Kxd6 {[%clk 0:05:03]} 51...Kf6 {[%clk 0:54:36]} 52.h4 {[%clk
0:05:14]} 52...Kf7 {[%clk 0:55:00]} 53.Kd7 {[%clk 0:05:40]} 53...Kf6 {[%clk
0:55:11]} 54.Ke8 {[%clk 0:06:05]} 54...e5 {[%clk 0:53:50]} 55.dxe5+ {[%clk
0:06:15]} 55...Ke6 {[%clk 0:54:09]} 56.Kf8 {[%clk 0:06:34]} 56...Kd7 {[%clk
0:53:15]} 57.Kf7 {[%clk 0:06:57]} 1-0

[Event "Najdorf Memorial B"]
[Site "Warsaw POL"]
[Date "2021.07.10"]
[Round "1.6"]
[White "Cylc, Bartlomiej"]
[Black "Dahche, Abdel-azziz"]
[Result "0-1"]
[WhiteElo "1224"]
[BlackElo "1709"]
[EventDate "2021.07.10"]
[PlyCount "54"]
[LiveChessVersion "1.4.8"]

1.e4 {[%clk 1:30:59]} 1...c5 {[%clk 1:30:25]} 2.Nf3 {[%clk 1:31:23]} 2...d6 
{[%clk 1:30:50]} 3.d4 {[%clk 1:31:32]} 3...cxd4 {[%clk 1:31:15]} 4.Nxd4 {[%clk
1:31:58]} 4...Nf6 {[%clk 1:31:00]} 5.Nc3 {[%clk 1:32:22]} 5...g6 {[%clk
1:31:25]} 6.f4 {[%clk 1:31:08]} 6...Nc6 {[%clk 1:31:47]} 7.Bb5 {[%clk 1:30:04]} 
7...Bd7 {[%clk 1:31:02]} 8.Nxc6 {[%clk 1:28:56]} 8...bxc6 {[%clk 1:29:41]} 
9.Ba4 {[%clk 1:29:06]} 9...Bg7 {[%clk 1:27:15]} 10.O-O {[%clk 1:25:03]} 
10...Qb6+ {[%clk 1:27:26]} 11.Kh1 {[%clk 1:25:11]} 11...Ng4 {[%clk 1:25:31]} 
12.Qe2 {[%clk 1:24:32]} 12...h5 {[%clk 1:20:48]} 13.f5 {[%clk 1:16:22]} 
13...O-O-O {[%clk 1:10:49]} 14.Bb3 {[%clk 1:13:04]} 14...e6 {[%clk 1:04:56]} 
15.Na4 {[%clk 1:07:52]} 15...Qc7 {[%clk 1:00:54]} 16.fxg6 {[%clk 0:53:42]} 
16...fxg6 {[%clk 1:00:57]} 17.Be3 {[%clk 0:49:43]} 17...Rdf8 {[%clk 0:53:33]} 
18.Rxf8+ {[%clk 0:43:52]} 18...Rxf8 {[%clk 0:53:47]} 19.h3 {[%clk 0:41:25]} 
19...Nxe3 {[%clk 0:51:36]} 20.Qxe3 {[%clk 0:41:35]} 20...Qa5 {[%clk 0:50:12]} 
21.Qg3 {[%clk 0:38:47]} 21...Qe5 {[%clk 0:46:34]} 22.Qd3 {[%clk 0:27:58]} 
22...Qf4 {[%clk 0:44:58]} 23.g3 {[%clk 0:24:20]} 23...Qf2 {[%clk 0:44:26]} 
24.Qxd6 {[%clk 0:23:05]} 24...Qf3+ {[%clk 0:44:15]} 25.Kh2 {[%clk 0:18:41]} 
25...Qe2+ {[%clk 0:44:30]} 26.Kh1 {[%clk 0:18:21]} 26...Qxe4+ {[%clk 0:44:43]} 
27.Kg1 {[%clk 0:17:08]} 27...Bd4+ {[%clk 0:45:02]} 0-1

[Event "Najdorf Memorial B"]
[Site "Warsaw POL"]
[Date "2021.07.10"]
[Round "1.7"]
[White "Goral, Jan"]
[Black "Szopa, Andrzej"]
[Result "1-0"]
[WhiteElo "1707"]
[BlackElo "1222"]
[EventDate "2021.07.10"]
[PlyCount "113"]
[LiveChessVersion "1.4.8"]

1.d4 {[%clk 1:30:56]} 1...e6 {[%clk 1:30:40]} 2.c4 {[%clk 1:30:47]} 2...d5 
{[%clk 1:30:26]} 3.Nf3 {[%clk 1:31:04]} 3...Nf6 {[%clk 1:30:26]} 4.g3 {[%clk
1:31:24]} 4...Bb4+ {[%clk 1:29:49]} 5.Bd2 {[%clk 1:30:42]} 5...Bxd2+ {[%clk
1:29:40]} 6.Nbxd2 {[%clk 1:31:06]} 6...O-O {[%clk 1:30:05]} 7.Bg2 {[%clk
1:31:12]} 7...b6 {[%clk 1:28:26]} 8.O-O {[%clk 1:30:17]} 8...Ba6 {[%clk
1:27:16]} 9.Qc2 {[%clk 1:28:14]} 9...Nbd7 {[%clk 1:22:48]} 10.Rfe1 {[%clk
1:19:02]} 10...Rc8 {[%clk 1:21:42]} 11.Qa4 {[%clk 1:17:26]} 11...Bxc4 {[%clk
1:20:49]} 12.Nxc4 {[%clk 1:13:39]} 12...dxc4 {[%clk 1:20:43]} 13.Qxc4 {[%clk
1:13:35]} 13...c5 {[%clk 1:20:41]} 14.Rac1 {[%clk 1:12:46]} 14...Qe7 {[%clk
1:19:31]} 15.Red1 {[%clk 1:10:44]} 15...Rfd8 {[%clk 1:13:31]} 16.Qa6 {[%clk
1:09:19]} 16...Nb8 {[%clk 1:10:13]} 17.Qa3 {[%clk 1:09:20]} 17...Rd7 {[%clk
1:05:54]} 18.Ne5 {[%clk 1:06:30]} 18...Rdc7 {[%clk 1:05:35]} 19.dxc5 {[%clk
0:51:00]} 19...bxc5 {[%clk 1:01:17]} 20.Qa4 {[%clk 0:49:25]} 20...Nfd7 {[%clk
0:55:58]} 21.Nc4 {[%clk 0:47:04]} 21...Nb6 {[%clk 0:54:24]} 22.Qb3 {[%clk
0:46:43]} 22...Nxc4 {[%clk 0:53:01]} 23.Qxc4 {[%clk 0:47:05]} 23...Nd7 {[%clk
0:52:29]} 24.Qf4 {[%clk 0:45:41]} 24...g5 {[%clk 0:48:36]} 25.Qd2 {[%clk
0:42:53]} 25...Ne5 {[%clk 0:46:03]} 26.Qc3 {[%clk 0:39:41]} 26...f6 {[%clk
0:45:52]} 27.f4 {[%clk 0:36:05]} 27...gxf4 {[%clk 0:44:37]} 28.gxf4 {[%clk
0:36:29]} 28...Ng6 {[%clk 0:44:14]} 29.Qg3 {[%clk 0:32:03]} 29...c4 {[%clk
0:40:35]} 30.Kh1 {[%clk 0:30:59]} 30...Kf7 {[%clk 0:40:38]} 31.h3 {[%clk
0:26:40]} 31...f5 {[%clk 0:40:05]} 32.Bf3 {[%clk 0:24:23]} 32...c3 {[%clk
0:35:58]} 33.bxc3 {[%clk 0:20:46]} 33...Rxc3 {[%clk 0:35:53]} 34.Qe1 {[%clk
0:20:28]} 34...Rxc1 {[%clk 0:30:39]} 35.Rxc1 {[%clk 0:20:56]} 35...Rxc1 {[%clk
0:30:25]} 36.Qxc1 {[%clk 0:21:24]} 36...Qh4 {[%clk 0:30:27]} 37.Qc7+ {[%clk
0:20:45]} 37...Ne7 {[%clk 0:29:58]} 38.Kg2 {[%clk 0:20:57]} 38...Qh6 {[%clk
0:28:38]} 39.e3 {[%clk 0:19:12]} 39...Qg6+ {[%clk 0:28:20]} 40.Kh2 {[%clk
0:18:11]} 40...Kf6 {[%clk 0:27:00]} 41.Qxa7 {[%clk 0:18:01]} 41...Kf7 {[%clk
0:24:36]} 42.Qd4 {[%clk 0:17:58]} 42...Qg8 {[%clk 0:23:37]} 43.Bh5+ {[%clk
0:17:57]} 43...Ng6 {[%clk 0:22:25]} 44.Qd7+ {[%clk 0:17:57]} 44...Kf6 {[%clk
0:22:27]} 45.Bxg6 {[%clk 0:15:28]} 45...Qxg6 {[%clk 0:22:13]} 46.Qd8+ {[%clk
0:15:35]} 46...Kf7 {[%clk 0:21:36]} 47.Qg5 {[%clk 0:15:24]} 47...Ke8 {[%clk
0:20:24]} 48.Qxg6+ {[%clk 0:15:39]} 48...hxg6 {[%clk 0:20:46]} 49.Kg3 {[%clk
0:16:04]} 49...Ke7 {[%clk 0:20:41]} 50.Kh4 {[%clk 0:16:25]} 50...Kf6 {[%clk
0:20:12]} 51.a4 {[%clk 0:16:50]} 51...e5 {[%clk 0:20:40]} 52.a5 {[%clk 0:17:12]} 
52...exf4 {[%clk 0:21:01]} 53.exf4 {[%clk 0:17:37]} 53...Ke6 {[%clk 0:21:25]} 
54.a6 {[%clk 0:18:04]} 54...Kd5 {[%clk 0:21:52]} 55.a7 {[%clk 0:18:31]} 
55...Ke4 {[%clk 0:22:21]} 56.a8=Q+ {[%clk 0:18:54]} 56...Kxf4 {[%clk 0:22:48]} 
57.Qg2 {[%clk 0:19:08]} 1-0

[Event "Najdorf Memorial B"]
[Site "Warsaw POL"]
[Date "2021.07.10"]
[Round "1.8"]
[White "Zawal, Tomasz"]
[Black "Iwaszkiewicz, Krzysztof"]
[Result "0-1"]
[WhiteElo "1221"]
[BlackElo "1706"]
[EventDate "2021.07.10"]
[PlyCount "70"]
[LiveChessVersion "1.4.8"]

1.d4 {[%clk 1:30:57]} 1...d5 {[%clk 1:30:57]} 2.c4 {[%clk 1:31:21]} 2...c6 
{[%clk 1:31:25]} 3.Nc3 {[%clk 1:31:44]} 3...e6 {[%clk 1:31:52]} 4.e3 {[%clk
1:31:52]} 4...Nf6 {[%clk 1:32:17]} 5.Nf3 {[%clk 1:32:16]} 5...Bd6 {[%clk
1:32:42]} 6.Bd3 {[%clk 1:32:07]} 6...O-O {[%clk 1:33:07]} 7.O-O {[%clk 1:32:32]} 
7...Nbd7 {[%clk 1:33:32]} 8.cxd5 {[%clk 1:32:50]} 8...exd5 {[%clk 1:33:52]} 
9.Bd2 {[%clk 1:32:46]} 9...Re8 {[%clk 1:34:15]} 10.a3 {[%clk 1:31:35]} 10...Ne4 
{[%clk 1:34:40]} 11.b4 {[%clk 1:28:11]} 11...a6 {[%clk 1:33:09]} 12.Rc1 {[%clk
1:20:38]} 12...Ndf6 13.Na4 {[%clk 1:18:45]} 13...Qe7 {[%clk 1:32:23]} 14.Nc5 
{[%clk 1:15:21]} 14...Bg4 {[%clk 1:29:03]} 15.Qc2 {[%clk 1:02:43]} 15...Nh5 
{[%clk 1:17:20]} 16.Bc3 {[%clk 0:54:02]} 16...Bxf3 {[%clk 1:16:44]} 17.gxf3 
{[%clk 0:54:05]} 17...Nxc3 {[%clk 1:16:57]} 18.Qxc3 {[%clk 0:54:28]} 18...Qh4 
{[%clk 1:17:22]} 19.f4 {[%clk 0:53:24]} 19...Nxf4 {[%clk 1:17:25]} 20.exf4 
{[%clk 0:45:21]} 20...Bxf4 {[%clk 1:17:51]} 21.Bxh7+ {[%clk 0:44:30]} 21...Qxh7 
{[%clk 1:17:51]} 22.h3 {[%clk 0:44:46]} 22...Bxc1 {[%clk 1:17:43]} 23.Rxc1 
{[%clk 0:45:05]} 23...Re7 {[%clk 1:18:00]} 24.Re1 {[%clk 0:43:38]} 24...Rae8 
{[%clk 1:18:02]} 25.Rxe7 {[%clk 0:43:35]} 25...Rxe7 {[%clk 1:18:27]} 26.Nd3 
{[%clk 0:41:36]} 26...Qxh3 {[%clk 1:18:50]} 27.Qd2 {[%clk 0:41:37]} 27...Re4 
{[%clk 1:18:47]} 28.Nf4 {[%clk 0:41:13]} 28...Qg4+ {[%clk 1:19:06]} 29.Ng2 
{[%clk 0:41:34]} 29...Rxd4 {[%clk 1:19:31]} 30.Qe3 {[%clk 0:41:40]} 30...Rd1+ 
{[%clk 1:19:32]} 31.Kh2 {[%clk 0:42:01]} 31...Qh5+ {[%clk 1:19:59]} 32.Kg3 
{[%clk 0:42:15]} 32...Qg6+ {[%clk 1:20:27]} 33.Kh2 {[%clk 0:42:33]} 33...Qh7+ 
{[%clk 1:20:51]} 34.Qh3 {[%clk 0:42:57]} 34...Rh1+ {[%clk 1:21:18]} 35.Kxh1 
{[%clk 0:43:18]} 35...Qxh3+ {[%clk 1:21:44]} 0-1